000 00795nam a2200229 a 4500
001 BRCA_1767
005 20190320203536.0
008 900303s198u----mx-a#####b---s000-0#spa-#
040 _aDLC
_cDLC
050 4 _aNA5257.H5
_b.C66 1980
245 1 0 _aLos conventos del siglo XVI en el Estado de Hidalgo.
260 _aPachuca, México
_bGobierno del Estado de Hidalgo ; Secretaría de Turismo ; Cultura y Recreación
_c198-?
300 _a261 p.
_bil. a color
_c28 cm.
500 _aColección Sonia Corcuera de Mancera
500 _aEstado físico: encuadernado, enero 2013
504 _aBibliografía: p. [264]-[265]
650 1 4 _aArquitectura religiosa
_zMéxico
_924
650 1 4 _aArquitectura barroca
_zMéxico
_923
650 1 4 _aConventos
_zMéxico
_95502
902 _aDSC
942 _2lcc
_cB
999 _c1549
_d1549